| 000 | 00000nas 2200000zi 4500 |
| 001 | 9.942839 |
| 003 | CaOODSP |
| 005 | 20250715121349 |
| 006 | m o d f |
| 007 | cr cn||||||||| |
| 008 | 240904d19731983oncux p o f0###b0fre|d |
| 040 | |aCaOODSP|bfre|erda|cCaOODSP |
| 043 | |an-cn--- |
| 086 | 1 |aId12-4F-PDF |
| 245 | 00|aAnalyse des importations. |
| 264 | 1|aOttawa : |bIndustrie et commerce = Industry, Trade and Commerce, |c1973-1983. |
| 310 | |aIrrégulière |
| 336 | |atexte|btxt|2rdacontent/fre |
| 337 | |ainformatique|bc|2rdamedia/fre |
| 338 | |aressource en ligne|bcr|2rdacarrier/fre |
| 362 | 1 |aParaît depuis : I.A. Div. 1-76; ne paraît plus après : Pub. no. 00683-F. |
| 500 | |aChaque livraison comporte un titre distinct. |
| 500 | |aPublié aussi en anglais sous le titre : Import analysis. |
| 500 | |aÉdition numérisée de l'imprimé [par Innovation, Sciences et Développement économique Canada]. |
| 500 | |aTitre de départ. |
| 500 | |aComprend des index. |
| 650 | 6|aProduits commerciaux|zCanada|vPériodiques. |
| 655 | 7|aPériodiques|2rvmgf |
| 710 | 1 |aCanada. |bIndustrie et commerce, |eorganisme de publication. |
| 775 | 08|tImport analysis.|w(CaOODSP)9.942840 |
| 785 | 00|tAnalyse des importations.|w(CaOODSP)9.897954 |